| 000 | 00640nam a2200193 4500 | ||
|---|---|---|---|
| 001 | 117036 | ||
| 003 | ES-MaACL | ||
| 005 | 20230906190821.0 | ||
| 007 | t| | ||
| 008 | 070228s1916 fr r ||||1| fre d | ||
| 100 | 1 |
_aPasselecq, Fernand. _989447 |
|
| 245 | 1 | 3 |
_aLa Réponse du Governement Belge su Livre Blanc Allemand su 10 Mai 1915 _b: etude analytique / _cpar Fernand Passelecq. |
| 260 |
_aParis : _bBerger-Levrault, _c1916. |
||
| 300 |
_a84 p. ; _c17 cm. |
||
| 490 | 1 |
_aPoges d' histoire, 1914-16 ; _v102 |
|
| 830 | 0 |
_aPoges d' histoire, 1914-16 ; _v102 _9233335 |
|
| 852 |
_aES-MaACL _jD-9013 _bR.33200 |
||
| 999 |
_c117036 _d117036 |
||